000 00654nam a2200217 4500
003 OSt
005 20240621072426.0
006 a
008 240621b |||||||| |||| 00| 0 eng d
020 _a9789814314497
040 _aDWCL-Main lib.
_cOC
082 _aCirc. 410 F931i 2010
_2Philippine edition
100 _aFromkin, Victoria
245 _aIntroduction to linguistics /
250 _aPhilippine edition
260 _aPasig City :
_bCengage Learning Pte Ltd. (Philippine Branch),
_cc2010.
300 _b544 p. : ill. ;
_c23 cm.
504 _aIncludes index.
650 _a1. Linguistics.
942 _2ddc
_n0
_cBK-CIRC
_kCirc.
_ePhilippine edition
999 _c1086
_d1086